Thuốc và sức khỏe Số 634
Trong số này có một số nội dung về Tiếng kêu của chim cú, tai biến do dùng thuốc, dùng thuốc kháng sinh trong chăn nuôi ảnh hưởng đến con người, chú ý khi sử dụng paracetamol với kháng viêm không steroid, nhịn ăn bao lau trước khi phẫu thuật,.....
Na minha lista:
| Formato: | Livro |
|---|---|
| Idioma: | Vietnamese |
| Publicado em: |
H.
Hội Dược học Việt Nam
2019
|
| Assuntos: | |
| Tags: |
Adicionar Tag
Sem tags, seja o primeiro a adicionar uma tag!
|
| Thư viện lưu trữ: | Thư viện Trường Đại học Nam Cần Thơ |
|---|
| LEADER | 01087nam a22002177a 4500 | ||
|---|---|---|---|
| 001 | NCT_117222 | ||
| 008 | 220427b xxu||||| |||| 00| 0 vie d | ||
| 999 | |c 5985 |d 5985 | ||
| 022 | |a 1859-1922 | ||
| 041 | |a vie | ||
| 082 | 0 | 4 | |2 23rd ed. |a 615 |b Th514V |
| 245 | 0 | 0 | |a Thuốc và sức khỏe |n Số 634 |c Hội Dược học Việt Nam |
| 260 | |a H. |b Hội Dược học Việt Nam |c 2019 | ||
| 300 | |c 27cm | ||
| 310 | |a Hàng tháng | ||
| 362 | |a 12/2019 | ||
| 520 | 3 | |a Trong số này có một số nội dung về Tiếng kêu của chim cú, tai biến do dùng thuốc, dùng thuốc kháng sinh trong chăn nuôi ảnh hưởng đến con người, chú ý khi sử dụng paracetamol với kháng viêm không steroid, nhịn ăn bao lau trước khi phẫu thuật,... | |
| 655 | |a Tạp chí | ||
| 942 | |2 ddc |c CR | ||
| 952 | |0 0 |1 0 |2 ddc |4 0 |6 615_000000000000000_TH514V |7 0 |9 23494 |a 000001 |b 000001 |d 2022-05-05 |o 615 Th514V |r 2022-05-05 |w 2022-05-05 |y CR | ||
| 980 | |a Thư viện Trường Đại học Nam Cần Thơ | ||